[Event "AUTO-ELITE-1535"]
[Site "http://www.queenalice.com/game.php?id=1376432"]
[Date "2015.8.9"]
[Round "1"]
[White "vult0"]
[Black "janeil"]
[Result "0-1"]
[WhiteElo "2286"]
[BlackElo "2551"]

1. d4 Nf6 2. c4 e6 3. Nc3 Bb4 4. Nf3 d5 5. a3 Bxc3+ 6. bxc3 c5 7. e3 O-O 8. cxd5
exd5 9. dxc5 Nbd7 10. Qd4 Qc7 11. c6 bxc6 12. Be2 c5 13. Qd2 Rb8 14. h3 c4 15.
Qc2 Nc5 16. O-O Nfe4 17. Rd1 Rd8 18. Nd4 Rb6 0-1

[Event "AUTO-ELITE-1535"]
[Site "http://www.queenalice.com/game.php?id=1376435"]
[Date "2015.8.9"]
[Round "1"]
[White "FabioDavid"]
[Black "vult0"]
[Result "1-0"]
[WhiteElo "2527"]
[BlackElo "2334"]

1. b3 d5 2. Bb2 Nc6 3. Nf3 Bg4 4. e3 e5 5. h3 Bh5 6. g4 Bg6 7. Nxe5 Nxe5 8. Bxe5
Be4 9. Rg1 f6 10. Bd4 Bg6 11. h4 Bd6 12. h5 Bf7 13. g5 Be5 14. Bxe5 fxe5 15. Bh3
Ne7 16. Nc3 d4 17. Ne4 Bd5 18. Qg4 Bxe4 19. Qxe4 Qd5 20. Qxd5 Nxd5 21. O-O-O O-O
22. Be6+ 1-0

[Event "AUTO-ELITE-1535"]
[Site "http://www.queenalice.com/game.php?id=1376436"]
[Date "2015.8.9"]
[Round "1"]
[White "vult0"]
[Black "FabioDavid"]
[Result "0-1"]
[WhiteElo "2307"]
[BlackElo "2570"]

1. d4 f5 2. c4 Nf6 3. Nc3 e6 4. Nf3 Bb4 5. Bg5 c5 6. a3 Bxc3+ 7. bxc3 O-O 8. Nd2
Qa5 9. Qc2 cxd4 10. cxd4 d6 11. Bxf6 Rxf6 12. e3 e5 13. c5 exd4 14. cxd6 Nc6 15.
Bc4+ Kh8 16. O-O dxe3 17. fxe3 Qc5 18. Nb3 Qxe3+ 19. Kh1 Bd7 20. Rae1 Qg5 21.
Rd1 Ne5 22. Nc5 Rh6 23. Qc1 Qh4 24. Qf4 Nxc4 25. Nxd7 Qxf4 26. Rxf4 Rxd6 27.
Rxd6 Nxd6 28. g3 Rd8 29. Nc5 g6 30. Rd4 Nf7 0-1

[Event "AUTO-OPEN-3524"]
[Site "http://www.queenalice.com/game.php?id=1376669"]
[Date "2015.8.10"]
[Round "1"]
[White "vult0"]
[Black "CCapivara"]
[Result "1/2-1/2"]
[WhiteElo "2330"]
[BlackElo "2301"]

1. d4 d6 2. c4 Nf6 3. Nc3 c6 4. e3 Bg4 5. Nf3 Nbd7 6. Be2 e5 7. Qb3 Qc7 8. Qc2
Be7 9. O-O O-O 10. Re1 Rac8 11. h3 Bh5 12. a4 Rfd8 13. Rd1 Nf8 14. Ra2 Ne6 15.
b3 h6 16. Qb1 Bg6 17. Bd3 Bxd3 1/2-1/2

[Event "AUTO-OPEN-3524"]
[Site "http://www.queenalice.com/game.php?id=1376670"]
[Date "2015.8.10"]
[Round "1"]
[White "CCapivara"]
[Black "vult0"]
[Result "1-0"]
[WhiteElo "2219"]
[BlackElo "2337"]

1. e4 e5 2. Nf3 d6 3. Bc4 Nf6 4. d3 h6 5. O-O Nfd7 6. Be3 Nb6 7. Bb3 Nc6 8. Nbd2
Be7 9. h3 Na5 10. d4 Bf6 11. c3 O-O 12. Bc2 exd4 13. cxd4 Nac4 14. Nxc4 Nxc4 15.
b3 Nxe3 16. fxe3 a5 17. Qe1 a4 18. bxa4 b6 19. Qg3 Ra5 20. Nh2 Bh4 21. Qf3 Ba6
22. Rfd1 Bb7 23. Ng4 f5 24. Nh2 fxe4 25. Qe2 Qg5 26. Rf1 Ba6 27. Rxf8+ Kxf8 28.
Qd2 Rf5 29. Bxe4 Bf2+ 30. Kh1 Bxe3 31. Qc2 Rf7 32. Nf3 Qg3 33. Bd5 Qf2 34. Qxf2
Bxf2 35. Bxf7 Kxf7 36. Rc1 c5 37. dxc5 bxc5 38. Rb1 c4 39. g4 Bc5 40. Kg2 d5 41.
Rc1 Ke6 42. Kf1 d4 43. Ke1 Kd5 44. h4 c3 45. g5 Ba3 46. Rc2 Bd3 47. Kd1 Bxc2+
48. Kxc2 hxg5 49. hxg5 Ke4 50. Ne1 g6 51. a5 Bc5 52. a6 Ba7 53. Nd3 Kd5 54. a3
Bb8 55. Nb4+ Kc4 56. Nd3 1-0

[Event "AUTO-OPEN-3524"]
[Site "http://www.queenalice.com/game.php?id=1376671"]
[Date "2015.8.10"]
[Round "1"]
[White "vult0"]
[Black "jgfmelo"]
[Result "1-0"]
[WhiteElo "2330"]
[BlackElo "1810"]

1. d4 d5 2. c4 Nc6 3. cxd5 Qxd5 4. e3 e5 5. Nc3 Qa5 6. d5 Nce7 7. e4 Nf6 8. Qb3
Nxe4 9. Qb5+ Qxb5 10. Bxb5+ c6 11. dxc6 bxc6 12. Nxe4 cxb5 13. Nd6+ Kd7 14. Nxf7
Rg8 15. Nxe5+ Ke6 16. Ngf3 Nd5 17. O-O Bd6 18. Re1 Bxe5 19. Nxe5 Kf6 20. b3 Bb7
21. Bb2 Kg5 22. Nf7+ Kh5 23. Nd6 1-0

[Event "AUTO-OPEN-3524"]
[Site "http://www.queenalice.com/game.php?id=1376672"]
[Date "2015.8.10"]
[Round "1"]
[White "jgfmelo"]
[Black "vult0"]
[Result "0-1"]
[WhiteElo "1706"]
[BlackElo "2336"]

1. e4 e5 2. Nf3 d6 3. d4 exd4 4. Qxd4 Nc6 5. Bb5 Bd7 6. Bxc6 Bxc6 7. Nc3 Nf6 8.
e5 dxe5 9. Qxe5+ Be7 10. Bg5 Bxf3 11. gxf3 O-O 12. f4 Re8 13. Qb5 Bc5+ 14. Ne2
Qd4 15. O-O Qd6 16. Rad1 c6 17. Qc4 Nd5 18. Bh4 b5 19. Qd3 Qg6+ 20. Qxg6 fxg6
21. Ng3 Nxf4 0-1

[Event "AUTO-OPEN-3524"]
[Site "http://www.queenalice.com/game.php?id=1376673"]
[Date "2015.8.10"]
[Round "1"]
[White "vult0"]
[Black "cksl333"]
[Result "1-0"]
[WhiteElo "2333"]
[BlackElo "1935"]

1. d4 Nc6 2. c4 e5 3. d5 Bb4+ 4. Nc3 Nce7 5. Bd2 a5 6. e4 d6 7. a3 Bxc3 8. Bxc3
f5 9. f4 Ng6 10. exf5 Bxf5 11. Ne2 Nf6 12. fxe5 Nxe5 13. Ng3 Bg6 14. Be2 O-O 15.
O-O Qd7 16. Bxe5 dxe5 17. Bd3 Bxd3 18. Qxd3 b5 19. Rae1 bxc4 20. Qxc4 Qxd5 21.
Qxd5+ Nxd5 22. Rxe5 Rxf1+ 23. Kxf1 c6 24. Ke2 1-0

[Event "AUTO-OPEN-3524"]
[Site "http://www.queenalice.com/game.php?id=1376674"]
[Date "2015.8.10"]
[Round "1"]
[White "cksl333"]
[Black "vult0"]
[Result "0-1"]
[WhiteElo "2221"]
[BlackElo "2318"]

1. d4 d5 2. Bf4 Nf6 3. e3 c6 4. Nd2 Qb6 5. Rb1 Bf5 6. Ngf3 e6 7. Be2 c5 8. O-O
Nbd7 9. dxc5 Bxc5 10. Nb3 Bd6 11. Bxd6 Qxd6 12. Nh4 Bg6 13. Rc1 O-O 14. Nxg6
fxg6 15. c4 Rac8 16. Bf3 Ne5 17. Be2 Qb8 18. Nd2 Rcd8 19. Qb3 Neg4 20. Bxg4 Nxg4
21. g3 Qe5 22. h3 Nf6 23. Qc3 Qh5 24. Kg2 dxc4 25. Nxc4 Ne4 0-1

[Event "AUTO-OPEN-3418"]
[Site "http://www.queenalice.com/game.php?id=1383796"]
[Date "2015.9.17"]
[Round "3"]
[White "jacconsultoria"]
[Black "vult0"]
[Result "1-0"]
[WhiteElo "2437"]
[BlackElo "2321"]

1. c4 e5 2. Nc3 d6 3. g3 Nf6 4. Bg2 c6 5. Nf3 e4 6. Nd4 d5 7. cxd5 cxd5 8. O-O
Qb6 9. e3 Nc6 10. Nxc6 bxc6 11. d3 Ba6 12. dxe4 Bxf1 13. Qxf1 Bb4 14. exd5 Bxc3
15. bxc3 cxd5 16. Ba3 Qa5 17. Bb4 Qa4 18. Qd3 a5 19. Bc5 Rc8 20. Rb1 Rxc5 21.
Rb8+ Kd7 22. Bh3+ Ke7 23. Rxh8 Qc4 24. Qb1 Rb5 25. Qf5 d4 26. Rc8 Rxf5 27. Rxc4
dxe3 28. fxe3 Rb5 29. Rc7+ Ke8 30. a4 Rb1+ 31. Kf2 Rb2+ 32. Kf3 Rxh2 33. Bf5 1-0

[Event "AUTO-OPEN-3418"]
[Site "http://www.queenalice.com/game.php?id=1383797"]
[Date "2015.9.17"]
[Round "3"]
[White "vult0"]
[Black "jacconsultoria"]
[Result "1/2-1/2"]
[WhiteElo "2331"]
[BlackElo "2512"]

1. d4 Nf6 2. c4 c5 3. e3 g6 4. Nc3 Bg7 5. Nf3 O-O 6. dxc5 Na6 7. Nd4 Nxc5 8. b4
Nce4 9. Nxe4 Nxe4 10. Bb2 d5 11. a3 dxc4 12. Bxc4 e5 13. Nf3 Qe7 14. O-O Be6 15.
Bxe6 Qxe6 16. Qa4 a6 17. Rac1 Rac8 18. Rxc8 Rxc8 19. Ra1 b5 20. Qd1 Rc6 21. Qd8+
Bf8 22. Qd3 f5 23. Nxe5 Rd6 24. Qb1 Bg7 25. Nf3 Qb3 1/2-1/2

[Event "AUTO-MASTER-2293"]
[Site "http://www.queenalice.com/game.php?id=1386471"]
[Date "2015.9.30"]
[Round "2"]
[White "Maniusiek"]
[Black "vult0"]
[Result "1-0"]
[WhiteElo "2618"]
[BlackElo "2288"]

1. e4 e5 2. Nf3 d6 3. d4 exd4 4. Nxd4 Ne7 5. Nc3 a6 6. Be3 Nbc6 7. Be2 Nxd4 8.
Bxd4 c5 9. Be3 Nc6 10. Qd2 Be7 11. O-O-O O-O 12. Nd5 Be6 13. Nxe7+ Qxe7 14. Qxd6
Qf6 15. Bxc5 Rfd8 16. Qg3 1-0

[Event "AUTO-MASTER-2293"]
[Site "http://www.queenalice.com/game.php?id=1386472"]
[Date "2015.9.30"]
[Round "2"]
[White "vult0"]
[Black "Maniusiek"]
[Result "0-1"]
[WhiteElo "2290"]
[BlackElo "2617"]

1. d4 d5 2. c4 c6 3. Nc3 e5 4. e3 exd4 5. exd4 Nf6 6. Bf4 Be7 7. Nf3 O-O 8. Bd3
dxc4 9. Bxc4 Nbd7 10. O-O Nb6 11. Bb3 Nfd5 12. Nxd5 Nxd5 13. Bg3 Be6 14. Ne5 Bf6
15. Re1 a5 0-1

[Event "AUTO-MASTER-2293"]
[Site "http://www.queenalice.com/game.php?id=1386473"]
[Date "2015.9.30"]
[Round "2"]
[White "super_viper"]
[Black "vult0"]
[Result "1-0"]
[WhiteElo "2316"]
[BlackElo "2282"]

1. h3 e5 2. e4 Nf6 3. Nc3 Nc6 4. Nf3 d5 5. exd5 Nxd5 6. Bb5 f6 7. O-O a6 8.
Bxc6+ bxc6 9. d4 Nxc3 10. bxc3 exd4 11. Qe2+ Kf7 12. Re1 dxc3 13. Bf4 Bd6 14.
Qc4+ 1-0

[Event "AUTO-MASTER-2293"]
[Site "http://www.queenalice.com/game.php?id=1386474"]
[Date "2015.9.30"]
[Round "2"]
[White "vult0"]
[Black "super_viper"]
[Result "0-1"]
[WhiteElo "2271"]
[BlackElo "2327"]

1. d4 d5 2. c4 dxc4 3. e4 e5 4. Nf3 Bb4+ 5. Nc3 exd4 6. Qxd4 Qxd4 7. Nxd4 Nf6 8.
f3 Bc5 9. Be3 Nc6 10. Ndb5 Bxe3 11. Nxc7+ Kd8 12. Nxa8 Be6 13. Rd1+ Kc8 14. Nb5
Ne8 0-1

[Event "Challenge"]
[Site "http://www.queenalice.com/game.php?id=1388174"]
[Date "2015.10.8"]
[Round "-"]
[White "dnptrs"]
[Black "vult0"]
[Result "1-0"]
[WhiteElo "2258"]
[BlackElo "2303"]

1. d4 d5 2. Nf3 c5 3. e3 Nc6 4. c3 Nf6 5. Bd3 cxd4 6. exd4 e6 7. O-O Bd6 8. Bg5
h6 9. Bh4 Be7 10. Nbd2 Nh5 11. Bxe7 Qxe7 12. Rc1 O-O 13. Bb5 Bd7 14. Re1 a6 15.
Bd3 Nf4 16. Bb1 f6 17. b3 b6 18. Qc2 1-0

[Event "Challenge"]
[Site "http://www.queenalice.com/game.php?id=1388175"]
[Date "2015.10.8"]
[Round "-"]
[White "vult0"]
[Black "dnptrs"]
[Result "0-1"]
[WhiteElo "2261"]
[BlackElo "2274"]

1. d4 Nf6 2. c4 e6 3. Nc3 c5 4. e3 cxd4 5. exd4 d5 6. cxd5 Nxd5 7. Nf3 Nxc3 8.
bxc3 Be7 9. Bd3 O-O 10. Bf4 Bd6 11. Bxd6 Qxd6 12. Qc2 h6 13. O-O Nd7 14. Bh7+
Kh8 15. Be4 Nf6 16. Ne5 Nxe4 17. Qxe4 Kg8 18. c4 Rb8 19. d5 exd5 20. Qd4 Rd8 0-1